[Event "3rd 4NCL Easter Congress"]
[Site "Mercure Daventry Court Hotel"]
[Date "2023.04.09"]
[Round "4"]
[Board "13"]
[White "Smith, Adam"]
[Black "Sahoo, Shivam"]
[Result "0-1"]
[WhiteElo "1598"]
[BlackElo "1377"]
[PlyCount "127"]
[EventDate "2023.04.07"]
[EventRounds "7"]
[EventCountry "ENG"]

1. e4 c6 2. Nf3 d5 3. Nc3 g6 4. Be2 Bg7 5. e5 d4 6. Ne4 Bf5 7. Ng3 Bg4 8. Bc4 e6
9. Ne4 Nd7 10. Nd6+ Kf8 11. Nxf7 Kxf7 12. Ng5+ Qxg5 13. f3 Qxe5+ 14. Be2 Bf5 15.
g4 Bxg4 16. fxg4 Ke7 17. d3 Rf8 18. b3 Kd8 19. Ba3 c5 20. Qd2 b6 21. g5 h6 22. O-O-O
hxg5 23. Rde1 Bh6 24. Bg4 Qf4 25. h3 Qxd2+ 26. Kxd2 Ngf6 27. Rxe6 Bg7 28. Bf3 g4
29. Bg2 gxh3 30. Bxh3 Ng4 31. Rd6 Be5 32. Rxd7+ Kxd7 33. Bxg4+ Kd6 34. Rg1 Rh2+ 35.
Kd1 Rff2 36. b4 Rhg2 37. Rxg2 Rxg2 38. Bf3 Rg3 39. Be4 g5 40. Ke2 g4 41. b5 Re3+
42. Kf2 g3+ 43. Kf1 g2+ 44. Bxg2 Bg3 45. Be4 Bh4 46. Bc1 Re1+ 47. Kg2 Rxc1 48. Kh3
Be1 49. Kg4 Rxc2 50. Kf3 Rxa2 51. Bc6 a6 52. Ke4 a5 53. Kf3 a4 54. Ke4 a3 55. Bd5
Re2+ 56. Kf3 Kxd5 57. Kxe2 a2 58. Kxe1 a1=Q+ 59. Ke2 c4 60. Kd2 Qc3+ 61. Ke2 Qxd3+
62. Kf2 Ke4 63. Ke1 Qc2 64. Kf1  0-1

[Event "3rd 4NCL Easter Congress"]
[Site "Mercure Daventry Court Hotel"]
[Date "2023.04.09"]
[Round "4"]
[Board "14"]
[White "Tomy, Jake"]
[Black "Wright, Benjamin"]
[Result "0-1"]
[WhiteElo "1306"]
[BlackElo "1586"]
[PlyCount "110"]
[EventDate "2023.04.07"]
[EventRounds "7"]
[EventCountry "ENG"]

1. e4 c6 2. Nc3 d5 3. Nf3 dxe4 4. Nxe4 Nf6 5. Nxf6+ exf6 6. d4 Bd6 7. Be2 O-O 8.
Be3 Re8 9. O-O Nd7 10. c4 Nf8 11. Qb3 Qc7 12. d5 cxd5 13. cxd5 Bg4 14. h3 Bf5 15.
Rac1 Qd7 16. Bb5 Rxe3 17. fxe3 Qe7 18. Nd2 Qe5 19. e4 Bxe4 20. Nxe4 Qxe4 21. Rce1
Qd4+ 22. Kh1 Be5 23. Rd1 Qxb2 24. Qxb2 Bxb2 25. Rfe1 Be5 26. d6 Rd8 27. Rd3 a6 28.
Bc4 b5 29. Bb3 Rxd6 30. Rxd6 Bxd6 31. Re8 a5 32. Ra8 a4 33. Bd5 a3 34. Ra7 Ne6 35.
Ra6 Bf8 36. Bxe6 fxe6 37. Rxe6 Kf7 38. Rb6 b4 39. Rb8 g5 40. Rb7+ Be7 41. Kg1 h5
42. Kf1 h4 43. Ke2 Ke6 44. Rb5 Bd6 45. Kd3 Kd7 46. Kc4 Kc6 47. Rxb4 Bxb4 48. Kxb4
f5 49. Kxa3 g4 50. Kb3 f4 51. Kc3 f3 52. gxf3 gxh3 53. Kd2 h2 54. Ke2 h1=Q 55. Ke3
h3  0-1

[Event "3rd 4NCL Easter Congress"]
[Site "Mercure Daventry Court Hotel"]
[Date "2023.04.09"]
[Round "4"]
[Board "15"]
[White "Reghu, Jyothika Ullukaranparambil"]
[Black "Loyden, Gary"]
[Result "1-0"]
[WhiteElo "1400"]
[BlackElo "1444"]
[PlyCount "65"]
[EventDate "2023.04.07"]
[EventRounds "7"]
[EventCountry "ENG"]

1. e4 c5 2. Nc3 d6 3. g3 Nc6 4. Bg2 Nf6 5. f4 g6 6. d3 Bg7 7. Nf3 O-O 8. h3 Bd7 9.
O-O Nd4 10. Be3 Nxf3+ 11. Rxf3 Bc6 12. g4 e6 13. Rg3 Qc7 14. Ne2 Nd7 15. c3 d5 16.
e5 b6 17. g5 Nxe5 18. fxe5 Bxe5 19. Rg4 Rad8 20. d4 Bg7 21. Qd2 Bd7 22. Rg3 cxd4
23. cxd4 Bc6 24. h4 f5 25. gxf6 Bxf6 26. h5 Be8 27. Rc1 Qb7 28. Nf4 Rc8 29. Nxe6
Rxc1+ 30. Qxc1 Bh4 31. Rg4 Rf6 32. Nf4 g5 33. Bxd5+  1-0

[Event "3rd 4NCL Easter Congress"]
[Site "Mercure Daventry Court Hotel"]
[Date "2023.04.09"]
[Round "4"]
[Board "17"]
[White "Mehmood, Muhammed"]
[Black "Homer, Neil S"]
[Result "0-1"]
[WhiteElo "1387"]
[BlackElo "1574"]
[PlyCount "102"]
[EventDate "2023.04.07"]
[EventRounds "7"]
[EventCountry "ENG"]

1. d4 d5 2. c4 e6 3. Nc3 c5 4. cxd5 exd5 5. Nf3 Nc6 6. g3 Nf6 7. Bg2 Be7 8. O-O O-O
9. dxc5 Bxc5 10. Bg5 Be6 11. a3 Be7 12. Bxf6 Bxf6 13. Qc2 Rc8 14. Rfd1 Qd7 15. Ne1
Nd4 16. Qd3 Nb3 17. Rab1 Nc5 18. Qb5 Qxb5 19. Nxb5 a6 20. Nc3 Bxc3 21. bxc3 Na4 22.
Rxb7 Nxc3 23. Rb2 Nb5 24. a4 Nc3 25. f4 Nxa4 26. Bxd5 Bxd5 27. Rxd5 Rc1 28. Kf2 Nc3
29. Rbd2 Ne4+ 30. Kf3 Nc5 31. Rb2 Rxe1 32. Rdd2 Ra1 33. Ra2 Rxa2 34. Rxa2 Ra8 35.
h4 Kf8 36. g4 a5 37. e4 a4 38. e5 a3 39. Ke3 Ra4 40. g5 Na6 41. h5 Nb4 42. Rd2 Ra8
43. f5 a2 44. e6 a1=Q 45. exf7 Qe1+ 46. Kf3 Qxd2 47. g6 Ra3+ 48. Kg4 h6 49. f6 Qd4+
50. Kf5 Ra5+ 51. Ke6 Qd5#  0-1

[Event "3rd 4NCL Easter Congress"]
[Site "Mercure Daventry Court Hotel"]
[Date "2023.04.09"]
[Round "4"]
[Board "18"]
[White "Borissow, Alastair"]
[Black "Wallman, James"]
[Result "1-0"]
[WhiteElo "1346"]
[BlackElo "1517"]
[PlyCount "121"]
[EventDate "2023.04.07"]
[EventRounds "7"]
[EventCountry "ENG"]

1. Nf3 Nc6 2. d4 d5 3. g3 Nf6 4. Bg2 Bf5 5. c4 e6 6. O-O Be7 7. Ne5 O-O 8. Nd2 Nxd4
9. Nb3 Nxb3 10. Qxb3 Rb8 11. Bf4 dxc4 12. Qxc4 Bd6 13. Rfd1 Qe7 14. Rac1 Rfd8 15.
a4 h6 16. Qd4 g5 17. Be3 c5 18. Qc3 Qc7 19. Nc4 Ne8 20. Nxd6 Nxd6 21. Qf6 Kh7 22.
Qe5 b6 23. b4 c4 24. Bd4 Rg8 25. Ba1 Rbd8 26. e4 Bg6 27. Rd4 Qe7 28. Rcd1 f6 29.
Qxd6 Rxd6 30. Rxd6 Rg7 31. e5 f5 32. Bf1 f4 33. Bxc4 Bf5 34. f3 fxg3 35. hxg3 g4
36. f4 h5 37. Kf2 h4 38. Rh1 h3 39. a5 bxa5 40. bxa5 Rg6 41. Bd4 Qc7 42. Rc1 Rh6
43. Ra6 Qb7 44. Rxa7 Qxa7 45. Bxa7 Be4 46. Bf1 h2 47. Bg2 Bxg2 48. Kxg2 Kg6 49. Rh1
Kf7 50. Rxh2 Rxh2+ 51. Kxh2 Ke7 52. a6 Kd7 53. Bb8 Kc8 54. a7 Kb7 55. Kg2 Ka8 56.
Kf2 Kb7 57. Ke3 Ka8 58. Kd4 Kb7 59. Kc5 Ka8 60. Kd6 Kb7 61. Kxe6  1-0

[Event "3rd 4NCL Easter Congress"]
[Site "Mercure Daventry Court Hotel"]
[Date "2023.04.09"]
[Round "4"]
[Board "19"]
[White "Kathuria, Dhruv"]
[Black "Liu, Murray"]
[Result "0-1"]
[WhiteElo "1456"]
[BlackElo "1166"]
[PlyCount "102"]
[EventDate "2023.04.07"]
[EventRounds "7"]
[EventCountry "ENG"]

1. e4 c5 2. Nf3 d6 3. d4 cxd4 4. Nxd4 Nf6 5. Nc3 g6 6. Be3 Bg7 7. f3 O-O 8. Qd2 Nc6
9. O-O-O Bd7 10. Nxc6 Bxc6 11. Bh6 a6 12. Bxg7 Kxg7 13. g4 b5 14. h4 h5 15. gxh5
Nxh5 16. Be2 b4 17. Nd5 Bxd5 18. Qxd5 Qc7 19. Rhg1 Nf6 20. Qg5 Nh7 21. Qg2 Nf6 22.
f4 Rac8 23. Bd3 d5 24. f5 Qf4+ 25. Kb1 dxe4 26. Bxa6 Rc6 27. Rdf1 Qxh4 28. Bb5 Rc5
29. Ba4 Qh5 30. Rh1 Qg4 31. Qh2 Qh5 32. Qg1 Qe2 33. Qxc5 Qa6 34. Bb3 Rh8 35. Qc4
Qxc4 36. Bxc4 Rxh1 37. Rxh1 gxf5 38. c3 bxc3 39. bxc3 f4 40. Kc2 e3 41. Kd3 Ng4 42.
Rg1 f5 43. Rxg4+ fxg4 44. Ke4 g3 45. Bf1 e2 46. Bxe2 g2 47. a4 g1=Q 48. a5 Qg2+ 49.
Bf3 Qa2 50. Kxf4 Qxa5 51. c4 Qc7+  0-1

[Event "3rd 4NCL Easter Congress"]
[Site "Mercure Daventry Court Hotel"]
[Date "2023.04.09"]
[Round "4"]
[Board "20"]
[White "Goldsmith, Jennifer"]
[Black "Merrifield, Peter"]
[Result "1-0"]
[WhiteElo "1281"]
[BlackElo "1076"]
[PlyCount "145"]
[EventDate "2023.04.07"]
[EventRounds "7"]
[EventCountry "ENG"]

1. c4 e5 2. Nc3 Nf6 3. e4 Nc6 4. Nf3 Bc5 5. Nxe5 d6 6. Nf3 h6 7. a3 Ng4 8. d4 Bb6
9. h3 Nf6 10. Be2 a6 11. O-O O-O 12. Be3 Re8 13. Qc2 Qe7 14. Bd3 Ba7 15. Rfe1 Qd8
16. b4 Nb8 17. Rad1 Nbd7 18. Qb3 b6 19. d5 Bb7 20. Qb1 Qc8 21. Bd4 Ne5 22. Nxe5 dxe5
23. Be3 c6 24. Qb3 c5 25. bxc5 bxc5 26. Na4 Qc7 27. Nc3 Rab8 28. Qa2 Ba8 29. Rb1
Rxb1 30. Rxb1 Rb8 31. Na4 Rxb1+ 32. Qxb1 Nd7 33. Qb2 f6 34. Nc3 g5 35. Be2 Kf7 36.
Qd2 Bb8 37. Na4 Qd6 38. Bg4 Ke7 39. Bxd7 Qxd7 40. Nxc5 Qc8 41. Qb4 Bd6 42. Qb6 Bxc5
43. Bxc5+ Kf7 44. Qa7+ Qb7 45. Qxb7+ Bxb7 46. f3 Ke8 47. Kf2 Kd7 48. Ke3 Bc8 49.
Kd3 Kc7 50. Kc3 Kb7 51. Kb4 Bd7 52. a4 Be8 53. a5 Bd7 54. Be7 f5 55. Kc5 fxe4 56.
fxe4 Ba4 57. g3 Bc2 58. d6 Kc8 59. Kb6 Bxe4 60. c5 Kd7 61. Kxa6 Bc6 62. Kb6 e4 63.
a6 e3 64. Bf6 e2 65. Bc3 h5 66. h4 g4 67. a7 Ba8 68. Kb5 Bc6+ 69. Kb4 Ba8 70. Kc4
Kc6 71. Kd3 Kb7 72. Kxe2 Kxa7 73. d7  1-0

[Event "3rd 4NCL Easter Congress"]
[Site "Mercure Daventry Court Hotel"]
[Date "2023.04.09"]
[Round "4"]
[Board "22"]
[White "Spirling, Florence"]
[Black "Dargue, Peter W"]
[Result "1/2-1/2"]
[WhiteElo "1114"]
[BlackElo "1339"]
[PlyCount "132"]
[EventDate "2023.04.07"]
[EventRounds "7"]
[EventCountry "ENG"]

1. d4 Nf6 2. Nf3 d5 3. Bf4 e6 4. c4 Bd6 5. Bxd6 Qxd6 6. e3 b6 7. Qb3 O-O 8. Nc3 c6
9. cxd5 exd5 10. O-O-O Ba6 11. h3 Bxf1 12. Rhxf1 b5 13. Ne5 Nfd7 14. Nf3 a5 15. Qc2
a4 16. Kb1 Nb6 17. Nd2 b4 18. Ne2 b3 19. axb3 a3 20. bxa3 Qxa3 21. Qb2 N8d7 22. Qxa3
Rxa3 23. Kb2 Rfa8 24. Ra1 Rxa1 25. Rxa1 Rxa1 26. Kxa1 Nb8 27. Nf4 g6 28. Nd3 f6 29.
Nc5 Kf7 30. Kb2 Ke7 31. Kc3 N6d7 32. b4 Nxc5 33. bxc5 f5 34. Kb4 Kd7 35. f3 h5 36.
g3 Kc7 37. e4 fxe4 38. fxe4 dxe4 39. Nxe4 Nd7 40. Kc4 Nf8 41. d5 cxd5+ 42. Kxd5 Nd7
43. Ke6 Kc6 44. Ke7 Ne5 45. Kf6 Kd5 46. Nc3+ Kd4 47. Nb5+ Kd5 48. Nc7+ Kd4 49. Ne6+
Kd5 50. Nf4+ Kd4 51. Nxg6 Nd7+ 52. Kg5 Nxc5 53. Kxh5 Ke4 54. g4 Ne6 55. h4 Kf3 56.
g5 Kg3 57. Kh6 Kg4 58. Nf8 Nxf8 59. h5 Ne6 60. Kg6 Nxg5 61. h6 Kh4 62. Kf6 Kh5 63.
Kg7 Kh4 64. Kg6 Kg4 65. Kg7 Kh5 66. h7 Nxh7  1/2-1/2

[Event "3rd 4NCL Easter Congress"]
[Site "Mercure Daventry Court Hotel"]
[Date "2023.04.09"]
[Round "4"]
[Board "23"]
[White "Mikalajunas, Mindaugas"]
[Black "Fisher, Neal"]
[Result "1/2-1/2"]
[WhiteElo "1286"]
[BlackElo "1519"]
[PlyCount "84"]
[EventDate "2023.04.07"]
[EventRounds "7"]
[EventCountry "ENG"]

1. e4 e5 2. Nf3 Nc6 3. d4 exd4 4. Nxd4 Nxd4 5. Qxd4 Qf6 6. e5 Qb6 7. Qxb6 axb6 8.
a3 d6 9. Bf4 Bd7 10. exd6 Bxd6 11. Nc3 Nf6 12. O-O-O O-O-O 13. Bxd6 cxd6 14. Rxd6
Bc6 15. Rxd8+ Rxd8 16. f3 Nd5 17. Nxd5 Rxd5 18. Bc4 Rg5 19. g3 f6 20. Rf1 h6 21.
Rf2 Re5 22. Kd2 Kc7 23. f4 Re7 24. Re2 Rd7+ 25. Kc3 b5 26. Bd3 Kb6 27. Be4 Rc7 28.
Bxc6 bxc6 29. b4 Ra7 30. Kb3 Rd7 31. f5 Ra7 32. g4 Rd7 33. h3 Ra7 34. Re3 Rd7 35.
a4 bxa4+ 36. Kxa4 Ra7+ 37. Kb3 Rd7 38. h4 Rd4 39. Rg3 Rf4 40. h5 Kb5 41. c3 c5 42.
bxc5 Kxc5  1/2-1/2

[Event "3rd 4NCL Easter Congress"]
[Site "Mercure Daventry Court Hotel"]
[Date "2023.04.09"]
[Round "4"]
[Board "24"]
[White "Bangalore Kumar, Rohith"]
[Black "Walker, Heather Enid"]
[Result "1-0"]
[WhiteElo "1228"]
[BlackElo "1273"]
[PlyCount "115"]
[EventDate "2023.04.07"]
[EventRounds "7"]
[EventCountry "ENG"]

1. e4 Nf6 2. e5 Nd5 3. c4 Nb6 4. d4 e6 5. Nf3 d5 6. c5 N6d7 7. Be3 b6 8. c6 Nxc6
9. Bb5 Bb7 10. O-O Qe7 11. Nc3 f6 12. Bxc6 Bxc6 13. Nd2 fxe5 14. dxe5 Nxe5 15. Nf3
Nxf3+ 16. Qxf3 O-O-O 17. a3 Bb7 18. Qg4 g6 19. Bg5 Qd7 20. Bxd8 Kxd8 21. Rfe1 e5
22. Qxd7+ Kxd7 23. Rxe5 c6 24. b4 Bg7 25. Re3 d4 26. Rd3 Ba6 27. Rdd1 Kc7 28. Ne4
Rd8 29. Ng5 Bc4 30. Nxh7 d3 31. Rac1 Bb3 32. Ng5 Rd6 33. Rd2 Bh6 34. h4 b5 35. Rc3
Bc2 36. f4 Bg7 37. Rcxc2 dxc2 38. Rxc2 Kb6 39. Re2 Rd1+ 40. Kh2 Ra1 41. Re6 Rxa3
42. Rxg6 Bc3 43. h5 Bxb4 44. h6 Re3 45. h7 Bc3 46. Ne6 b4 47. Ng7 Bxg7 48. Rxg7 Re8
49. Rg8 Re4 50. h8=Q b3 51. Rb8+ Kc5 52. Rxb3 a5 53. Qc3+ Kd5 54. Qxa5+ c5 55. Rb5
Rc4 56. f5 Kd4 57. f6 Rc3 58. f7  1-0

[Event "3rd 4NCL Easter Congress"]
[Site "Mercure Daventry Court Hotel"]
[Date "2023.04.09"]
[Round "5"]
[Board "1"]
[White "Gibbs, John"]
[Black "Vaidyanathan, Sathya"]
[Result "1/2-1/2"]
[WhiteElo "1636"]
[BlackElo "1325"]
[PlyCount "103"]
[EventDate "2023.04.07"]
[EventRounds "7"]
[EventCountry "ENG"]

1. e4 e5 2. Nf3 Nc6 3. Bb5 Nf6 4. d3 d6 5. O-O Bd7 6. c3 Be7 7. Re1 a6 8. Ba4 O-O
9. Nbd2 h6 10. Nf1 b5 11. Bc2 Na7 12. d4 exd4 13. cxd4 Nh7 14. Ng3 Ng5 15. Nxg5 Bxg5
16. Qd3 Bxc1 17. Raxc1 g6 18. e5 dxe5 19. dxe5 Be6 20. Qe4 c6 21. f4 Bd5 22. Qe3
f5 23. Red1 Qe7 24. Ne2 b4 25. Nd4 Rac8 26. Qg3 Kh8 27. Qxg6 Qg7 28. Qxg7+ Kxg7 29.
Nxf5+ Kh8 30. Ne7 Rxf4 31. Nxc8 Nxc8 32. Rf1 Rg4 33. Rf8+ Kg7 34. Rxc8 Rxg2+ 35.
Kf1 Rxh2 36. Rc7+ Kf8 37. Ke1 Bf3 38. Bd3 Rxb2 39. Rc2 Rb1+ 40. Kf2 Bd5 41. Bxa6
Rh1 42. Ke3 Rh3+ 43. Kd4 Rh4+ 44. Kc5 b3 45. axb3 Bxb3 46. Rf2+ Kg8 47. Rff7 Bxf7
48. Kxc6 Kf8 49. Kd6 Rd4+ 50. Kc5 Rd2 51. Rc6 Rd5+ 52. Kb6  1/2-1/2

[Event "3rd 4NCL Easter Congress"]
[Site "Mercure Daventry Court Hotel"]
[Date "2023.04.09"]
[Round "5"]
[Board "2"]
[White "Gilbert, David J"]
[Black "Neil, Graham"]
[Result "1/2-1/2"]
[WhiteElo "1552"]
[BlackElo "1578"]
[PlyCount "48"]
[EventDate "2023.04.07"]
[EventRounds "7"]
[EventCountry "ENG"]

1. c4 Nf6 2. Nc3 e6 3. e4 Nc6 4. d4 d6 5. Nf3 Be7 6. Be2 O-O 7. O-O e5 8. d5 Nb8
9. c5 a6 10. b4 c6 11. Qc2 Qc7 12. Bg5 Nbd7 13. dxc6 Qxc6 14. Nd5 Re8 15. Bc4 Bd8
16. Rfd1 dxc5 17. Nxf6+ Nxf6 18. Bd5 Qc7 19. bxc5 Bg4 20. Rd3 Rc8 21. Rc1 h6 22.
Bd2 Nxd5 23. Rxd5 Bxf3 24. gxf3 Bf6  1/2-1/2

[Event "3rd 4NCL Easter Congress"]
[Site "Mercure Daventry Court Hotel"]
[Date "2023.04.09"]
[Round "5"]
[Board "3"]
[White "Mokhber-Garcia, Sebastian"]
[Black "Buckell, David J"]
[Result "1-0"]
[WhiteElo "1537"]
[BlackElo "1504"]
[PlyCount "71"]
[EventDate "2023.04.07"]
[EventRounds "7"]
[EventCountry "ENG"]

1. e4 d6 2. d4 Nf6 3. Nc3 g6 4. Nf3 Bg7 5. Be3 c6 6. h3 O-O 7. Bd3 Nbd7 8. O-O e5
9. Bg5 Qc7 10. dxe5 dxe5 11. Nd2 Nc5 12. Nb3 Ne6 13. Be3 b6 14. Qe2 Bb7 15. Ba6 Rad8
16. Rad1 Qc8 17. Bxb7 Qxb7 18. Rxd8 Rxd8 19. Rd1 Rxd1+ 20. Qxd1 Qd7 21. f3 Qxd1+
22. Nxd1 Nh5 23. Nf2 Nhf4 24. Kf1 Nh5 25. a4 Nd4 26. Nxd4 exd4 27. Bc1 Nf6 28. Ke2
Nd7 29. Nd3 a5 30. b4 axb4 31. Nxb4 Nb8 32. Bf4 c5 33. Bxb8 cxb4 34. Bc7 d3+ 35.
Kxd3 Bc3 36. Bxb6  1-0

[Event "3rd 4NCL Easter Congress"]
[Site "Mercure Daventry Court Hotel"]
[Date "2023.04.09"]
[Round "5"]
[Board "4"]
[White "Dong, Ethan"]
[Black "Joseph, Tomy"]
[Result "1-0"]
[WhiteElo "1500"]
[BlackElo "1506"]
[PlyCount "53"]
[EventDate "2023.04.07"]
[EventRounds "7"]
[EventCountry "ENG"]

1. d4 d5 2. Nf3 e6 3. g3 c5 4. c3 Nc6 5. Bg2 Nf6 6. Nbd2 Be7 7. b3 O-O 8. Bb2 cxd4
9. cxd4 Bd7 10. O-O Rc8 11. a3 Bd6 12. Ne5 a6 13. e4 dxe4 14. Nxe4 Nxe4 15. Bxe4
b5 16. Nxd7 Qxd7 17. d5 Nd8 18. dxe6 Qxe6 19. Re1 Qd7 20. Be5 Nb7 21. Bxb7 Qxb7 22.
Qxd6 Rfd8 23. Qb4 Rc2 24. Qe4 Qc8 25. Bf4 f5 26. Qe6+ Qxe6 27. Rxe6  1-0

[Event "3rd 4NCL Easter Congress"]
[Site "Mercure Daventry Court Hotel"]
[Date "2023.04.09"]
[Round "5"]
[Board "5"]
[White "Dhingra, Kanvansh"]
[Black "De Block, Gert"]
[Result "0-1"]
[WhiteElo "1420"]
[BlackElo "1600"]
[PlyCount "88"]
[EventDate "2023.04.07"]
[EventRounds "7"]
[EventCountry "ENG"]

1. e4 e6 2. d4 d5 3. e5 c5 4. c3 Nc6 5. Nf3 Qb6 6. Be2 Nh6 7. Bd3 Bd7 8. Bc2 Be7
9. O-O Nf5 10. Bxf5 exf5 11. b3 O-O 12. h3 a5 13. dxc5 Bxc5 14. Qxd5 Be6 15. Qd1
Rfd8 16. Qc2 h6 17. Re1 Bd5 18. Qe2 Be4 19. Be3 Bxe3 20. Qxe3 Qxe3 21. fxe3 Bxf3
22. gxf3 Nxe5 23. Kg2 a4 24. b4 Nc4 25. a3 Rd1 26. Rxd1 Nxe3+ 27. Kg3 Nxd1 28. Ra2
Rd8 29. c4 g5 30. Re2 Kf8 31. Rd2 Rxd2 32. Nxd2 Ke7 33. c5 Nc3 34. Nc4 Nb5 35. Nb2
Nc3 36. Nc4 Ke6 37. Nd6 Nb1 38. Nxb7 Nxa3 39. Na5 Nb5 40. Nc4 a3 41. Nd2 Nd4 42.
b5 a2 43. b6 a1=Q 44. b7 Qg1#  0-1

[Event "3rd 4NCL Easter Congress"]
[Site "Mercure Daventry Court Hotel"]
[Date "2023.04.09"]
[Round "5"]
[Board "6"]
[White "Wright, Benjamin"]
[Black "D'Agnese, Mattiangelo"]
[Result "1-0"]
[WhiteElo "1586"]
[BlackElo "1402"]
[PlyCount "59"]
[EventDate "2023.04.07"]
[EventRounds "7"]
[EventCountry "ENG"]

1. d4 Nf6 2. c4 c5 3. d5 e6 4. Nc3 exd5 5. cxd5 d6 6. e4 a6 7. f4 g6 8. e5 Qe7 9.
Qe2 Nfd7 10. Nf3 Bg7 11. exd6 Qxe2+ 12. Bxe2 Nf6 13. O-O O-O 14. Be3 Nbd7 15. Rae1
b5 16. Ne5 Re8 17. Bf3 Bb7 18. Nc6 Bf8 19. Ne7+ Kg7 20. g4 Bxe7 21. dxe7 b4 22. g5
bxc3 23. gxf6+ Kxf6 24. bxc3 Rab8 25. Bg4 Rxe7 26. d6 Re6 27. Bxe6 fxe6 28. Rb1 c4
29. Bd4+ Kf7 30. Ba7  1-0

[Event "3rd 4NCL Easter Congress"]
[Site "Mercure Daventry Court Hotel"]
[Date "2023.04.09"]
[Round "5"]
[Board "7"]
[White "Reghu, Jyothika Ullukaranparambil"]
[Black "Duffell, Andrew"]
[Result "1-0"]
[WhiteElo "1400"]
[BlackElo "1383"]
[PlyCount "71"]
[EventDate "2023.04.07"]
[EventRounds "7"]
[EventCountry "ENG"]

1. e4 c5 2. Nc3 a6 3. a4 e6 4. g3 d5 5. exd5 exd5 6. Bg2 Nf6 7. d4 cxd4 8. Qxd4 Nc6
9. Qd1 Bb4 10. Nge2 Bg4 11. O-O Be6 12. Bg5 h6 13. Bxf6 Qxf6 14. Bxd5 Rd8 15. Nf4
O-O 16. Qh5 Bxc3 17. bxc3 g5 18. Nxe6 fxe6 19. Be4 Rd7 20. f4 Qxc3 21. Qg6+ Rg7 22.
Qxe6+ Rgf7 23. Bg6 Qd4+ 24. Kh1 Nd8 25. Bxf7+ Rxf7 26. Qe8+ Kg7 27. Rad1 Qc4 28.
Qxd8 Qe4+ 29. Kg1 Qe3+ 30. Rf2 Qa3 31. Qd4+ Kg8 32. Qd5 Kg7 33. Qe5+ Kg6 34. Qd6+
Qxd6 35. Rxd6+ Kh7 36. fxg5  1-0

[Event "3rd 4NCL Easter Congress"]
[Site "Mercure Daventry Court Hotel"]
[Date "2023.04.09"]
[Round "5"]
[Board "8"]
[White "Sahoo, Shivam"]
[Black "Fraser, Chris A"]
[Result "0-1"]
[WhiteElo "1377"]
[BlackElo "1393"]
[PlyCount "72"]
[EventDate "2023.04.07"]
[EventRounds "7"]
[EventCountry "ENG"]

1. Nf3 c5 2. g3 Nf6 3. Bg2 Nc6 4. c3 e5 5. d3 d5 6. Bg5 Be6 7. Nbd2 Be7 8. O-O O-O
9. Re1 Qd7 10. Bxf6 Bxf6 11. e4 d4 12. c4 Bg4 13. Nb3 b6 14. a4 a5 15. Qd2 h6 16.
Rf1 Bh3 17. Ne1 Bxg2 18. Nxg2 Be7 19. f4 f5 20. exf5 Rxf5 21. fxe5 Nxe5 22. Nf4 Bg5
23. Qg2 Raf8 24. Qe4 Bxf4 25. gxf4 Ng6 26. Rf3 Re8 27. Rg3 Rxe4 28. dxe4 Rf6 29.
e5 Rc6 30. Nd2 Nxf4 31. Kf2 Rg6 32. Rag1 Rxg3 33. Rxg3 Qf5 34. Rf3 Qxe5 35. Kg3 Qg5+
36. Kf2 Qg2+  0-1

[Event "3rd 4NCL Easter Congress"]
[Site "Mercure Daventry Court Hotel"]
[Date "2023.04.09"]
[Round "5"]
[Board "9"]
[White "Maher, Mike P"]
[Black "Sartain, Patrick P"]
[Result "1/2-1/2"]
[WhiteElo "1594"]
[BlackElo "1424"]
[PlyCount "93"]
[EventDate "2023.04.07"]
[EventRounds "7"]
[EventCountry "ENG"]

1. d4 d5 2. Bg5 Bf5 3. Nf3 h6 4. Bh4 Nd7 5. e3 Ngf6 6. c4 e6 7. Nc3 Be7 8. h3 c6
9. Qb3 Qc7 10. Ne5 O-O 11. f4 Rfe8 12. g4 Be4 13. Nxe4 Nxe4 14. Bxe7 Rxe7 15. Qa3
Nxe5 16. fxe5 c5 17. Bd3 cxd4 18. Bxe4 dxe4 19. exd4 Rd7 20. Qc3 Rad8 21. O-O-O Qb6
22. c5 Qa6 23. Kb1 Qa4 24. b3 Qc6 25. Kb2 b6 26. Kc2 Rc8 27. Kb2 Rd5 28. Rc1 bxc5
29. dxc5 Rxc5 30. Qxc5 Qxc5 31. Rxc5 Rxc5 32. Re1 Rxe5 33. Kc3 f5 34. gxf5 exf5 35.
Kd4 Re8 36. b4 Kf7 37. a4 e3 38. Rxe3 Rxe3 39. Kxe3 Ke6 40. b5 Kd6 41. a5 Kc7 42.
Kf4 g6 43. h4 Kb7 44. h5 g5+ 45. Kxf5 Kc7 46. Ke5 Kd7 47. Kd5  1/2-1/2

[Event "3rd 4NCL Easter Congress"]
[Site "Mercure Daventry Court Hotel"]
[Date "2023.04.09"]
[Round "5"]
[Board "10"]
[White "Homer, Neil S"]
[Black "Collins, Nigel"]
[Result "1-0"]
[WhiteElo "1574"]
[BlackElo "1454"]
[PlyCount "60"]
[EventDate "2023.04.07"]
[EventRounds "7"]
[EventCountry "ENG"]

1. e4 c5 2. Nc3 d6 3. f4 Nf6 4. Nf3 g6 5. Bb5+ Bd7 6. Bxd7+ Nfxd7 7. d3 Bg7 8. Bd2
Nc6 9. O-O O-O 10. Kh1 e6 11. Rb1 a6 12. Ne2 b5 13. c3 a5 14. a4 b4 15. c4 f5 16.
exf5 exf5 17. Ng3 Re8 18. Re1 Rxe1+ 19. Qxe1 Nf8 20. b3 Ra7 21. Qf1 Re7 22. Re1 Qe8
23. Rxe7 Qxe7 24. Qe2 Qxe2 25. Nxe2 Ne6 26. Be3 Ncd4 27. Bxd4 Bxd4 28. g3 Be3 29.
Kg2 Nd4 30. Nexd4 Bxd4  1-0

[Event "3rd 4NCL Easter Congress"]
[Site "Mercure Daventry Court Hotel"]
[Date "2023.04.09"]
[Round "5"]
[Board "11"]
[White "Liu, Murray"]
[Black "Jerome, Stellio"]
[Result "0-1"]
[WhiteElo "1166"]
[BlackElo "1512"]
[PlyCount "118"]
[EventDate "2023.04.07"]
[EventRounds "7"]
[EventCountry "ENG"]

1. d4 h6 2. Nf3 g5 3. b3 Bg7 4. Bb2 c5 5. e3 Nc6 6. Bc4 d5 7. Bb5 a6 8. Bxc6+ bxc6
9. Nc3 Bg4 10. h3 Bxf3 11. Qxf3 cxd4 12. exd4 Bxd4 13. Rd1 Bg7 14. Na4 Bxb2 15. Nxb2
Nf6 16. Nd3 Qa5+ 17. Kf1 Ne4 18. Kg1 Qc3 19. Qe2 Qd4 20. Re1 O-O 21. Qh5 Ng3 22.
Qxh6 Nxh1 23. Qxg5+ Qg7 24. Qxg7+ Kxg7 25. Kxh1 e6 26. h4 a5 27. h5 Rac8 28. Nc5
Rc7 29. g4 Re7 30. f4 Rfe8 31. f5 e5 32. g5 f6 33. Ne6+ Rxe6 34. fxe6 Rxe6 35. gxf6+
Kxf6 36. Kg2 Kg5 37. Rh1 Rh6 38. Re1 e4 39. Rh1 Rxh5 40. Rxh5+ Kxh5 41. Kf2 Kg4 42.
Ke3 Kf5 43. c3 Ke5 44. a3 c5 45. b4 cxb4 46. axb4 axb4 47. cxb4 d4+ 48. Ke2 Kd5 49.
b5 Kc5 50. b6 Kxb6 51. Kd2 Kc5 52. Ke2 Kc4 53. Kd2 e3+ 54. Ke2 Kc3 55. Kd1 d3 56.
Kc1 e2 57. Kb1 e1=Q+ 58. Ka2 Qf2+ 59. Ka3 Qa7#  0-1

[Event "3rd 4NCL Easter Congress"]
[Site "Mercure Daventry Court Hotel"]
[Date "2023.04.09"]
[Round "5"]
[Board "12"]
[White "Robinson, Martyn"]
[Black "Ashworth, Steven M"]
[Result "1-0"]
[WhiteElo "1639"]
[BlackElo "1434"]
[PlyCount "79"]
[EventDate "2023.04.07"]
[EventRounds "7"]
[EventCountry "ENG"]

1. d4 e5 2. dxe5 Nc6 3. Nf3 Qe7 4. Bf4 Qb4+ 5. Bd2 Qxb2 6. Nc3 Bb4 7. Rb1 Qa3 8.
Nd5 Qa5 9. Nxc7+ Qxc7 10. Bxb4 Nxb4 11. Nd4 a6 12. e3 Nd5 13. Rb3 Qxe5 14. Nf3 Qf6
15. Qxd5 Ne7 16. Qd4 Qxd4 17. Nxd4 O-O 18. Bd3 Nc6 19. Nf5 d5 20. Nd6 b5 21. Nxc8
Rfxc8 22. Ke2 Na5 23. Rb4 Nc4 24. a4 Ne5 25. axb5 Nxd3 26. Kxd3 axb5 27. Rxb5 g6
28. Rxd5 Ra3+ 29. Kd2 Ra2 30. Rc1 Kg7 31. Rd3 Kf6 32. Rc3 Rd8+ 33. Ke2 h5 34. Rd1
Rxd1 35. Kxd1 Ra1+ 36. Ke2 g5 37. h3 Rg1 38. Kf3 Kg6 39. Rc6+ Kg7 40. e4  1-0